The federal emplyees benevolent fund and group insurance Act,1969 & 1972 (Record no. 348014)
[ view plain ]
| 000 -LEADER | |
|---|---|
| fixed length control field | 00308 a2200121 4500 |
| 090 ## - LOCALLY ASSIGNED LC-TYPE CALL NUMBER (OCLC); LOCAL CALL NUMBER (RLIN) | |
| -- | 5610 |
| -- | 5610 |
| 100 ## - MAIN ENTRY--PERSONAL NAME | |
| Personal name | Hamid Ali |
| 245 ## - TITLE STATEMENT | |
| Title | The federal emplyees benevolent fund and group insurance Act,1969 & 1972 |
| 250 ## - EDITION STATEMENT | |
| Edition statement | Revised Ed |
| 260 ## - PUBLICATION, DISTRIBUTION, ETC. | |
| Place of publication, distribution, etc. | Karachi |
| 300 ## - PHYSICAL DESCRIPTION | |
| Extent | 64 |
| 942 ## - ADDED ENTRY ELEMENTS (KOHA) | |
| Institution code [OBSOLETE] | NBS |
| Koha item type | Book |
| Call number prefix | 348.95491 ALI |
| Withdrawn status | Lost status | Damaged status | Not for loan | Permanent Location | Current Location | Date acquired | Full call number | Barcode | Date last seen | Price effective from | Koha item type |
|---|---|---|---|---|---|---|---|---|---|---|---|
| NUST Law School (NLS) | NUST Law School (NLS) | 08/28/2013 | 348.95491 ALI | NBS8085 | 08/28/2013 | 08/28/2013 | Book |
